[Event "Regency Masters B"]
[Site "Ramsgate"]
[Date "1979.??.??"]
[Round "1"]
[White "Kouatly, Bachar"]
[Black "Van der Weide, Piet"]
[Result "1-0"]
[WhiteElo "2335"]
[BlackElo "2290"]
[PlyCount "43"]
[EventDate "1979.10.30"]
[Source "www.chesslib.no"]
[SourceDate "2004.05.04"]

1. d4 f5 2. h3 b6 3. g4 Bb7 4. d5 e6 5. c4 Nf6 6. gxf5 exd5 7. Bg2 c6 8. cxd5 Bb4+ 9. Kf1 cxd5 10. Bg5 Qc7 11. a3 Bc5 12. Bxf6 gxf6 13. Bxd5 Bxf2 14. Nc3 Bxg1 15. Bxb7 Qxb7 16. Rxg1 Qc7 17. Qd5 Qf4+ 18. Ke1 Qh4+ 19. Kd1 Qf2 20. Rg7 Qf1+ 21. Kc2 Qxa1 22. Qxa8 1-0

[Event "CSR Ch"]
[Site "Frenstat"]
[Date "1982.??.??"]
[Round "4"]
[White "Vokac, Marek"]
[Black "Ruckschloss, Karol"]
[Result "0-1"]
[WhiteElo "2330"]
[BlackElo "2280"]
[PlyCount "60"]
[EventDate "1982.09.??"]
[Source "www.chesslib.no"]
[SourceDate "2004.05.04"]

1. d4 f5 2. h3 Nf6 3. g4 d5 4. Qd3 c5 5. dxc5 e5 6. g5 Ne4 7. b4 Nc6 8. c3 a5 9. Bd2 axb4 10. cxb4 b6 11. cxb6 Nxb4 12. Qb3 Qxb6 13. e3 d4 14. Nf3 Be6 15. Bb5+ Kd8 16. Bc4 Nc5 17. Qxb4 Nd3+ 18. Bxd3 Bxb4 19. e4 Qb7 20. Bxb4 fxe4 21. Nbd2 exd3 22. Rb1 Qd5 23. O-O e4 24. Nxe4 Qxe4 25. Rfe1 Qxf3 26. Rxe6 Rxa2 27. Rf1 Re8 28. Rd6+ Kc8 29. Rxd4 Re4 30. Rc1+ Rc2 0-1

[Event "Imperia Open"]
[Site "Imperia"]
[Date "1989.??.??"]
[Round "6"]
[White "Lanzani, Mario"]
[Black "Piccardo, Marco"]
[Result "1-0"]
[WhiteElo "2320"]
[BlackElo "2285"]
[PlyCount "81"]
[EventDate "1989.??.??"]
[Source "www.chesslib.no"]
[SourceDate "2004.05.04"]

1. d4 f5 2. h3 d5 3. g4 Nf6 4. Qd3 g6 5. gxf5 Bxf5 6. Qb5+ Nc6 7. Nf3 Qd7 8. Bf4 O-O-O 9. Nc3 Bxc2 10. e3 a6 11. Qe2 Qf5 12. h4 Kb8 13. Bh3 Qd3 14. Ng5 Bh6 15. Qxd3 Bxd3 16. Rd1 Bxg5 17. hxg5 Be4 18. Nxe4 Nxe4 19. Be6 h6 20. gxh6 g5 21. Be5 Nxe5 22. dxe5 Rdf8 23. Rh2 c6 24. Ke2 Rh7 25. f3 Ng3+ 26. Kf2 Nf5 27. Bxf5 Rxf5 28. Rh5 e6 29. Ke2 Kc7 30. Rg1 Kb6 31. f4 gxf4 32. Rxf5 exf5 33. Rh1 Kc5 34. Rc1+ Kb6 35. Rh1 Kc5 36. b4+ Kxb4 37. e6 fxe3 38. Kxe3 Kc3 39. Kf4 d4 40. Kxf5 d3 41. Kg6 1-0

[Event "Kecskemet2"]
[Site "?"]
[Date "1991.??.??"]
[Round "11"]
[White "Brandics Jozsef"]
[Black "Lenz Alarich"]
[Result "0-1"]
[WhiteElo "2355"]
[BlackElo "2245"]
[PlyCount "86"]
[EventDate "1991.??.??"]
[Source "www.chesslib.no"]
[SourceDate "2004.05.04"]

1. d4 f5 2. h3 d5 3. g4 fxg4 4. hxg4 Bxg4 5. Qd3 Nf6 6. Qb5+ Nc6 7. Qxb7 Nxd4 8. Na3 e5 9. e3 Bxa3 10. exd4 Bd6 11. Bb5+ Kf7 12. f3 Rb8 13. Qa6 Bc8 14. Qa4 a6 15. Bd3 e4 16. fxe4 Rb4 17. Qa5 Rxd4 18. Bd2 dxe4 19. O-O-O exd3 20. Nf3 Rd5 21. Ng5+ Kf8 22. Qc3 Rc5 23. Qb3 Rxg5 24. Bxg5 Qe8 25. Qxd3 Qb5 26. Qe3 Kf7 27. Bxf6 gxf6 28. Rdf1 h5 29. Rhg1 Bg4 30. Kb1 Re8 31. Qh6 Be5 32. b3 Qc5 33. Rxg4 hxg4 34. Qh7+ Ke6 35. Qf5+ Ke7 36. Rd1 Bd6 37. Qxg4 Qg5 38. Qe2+ Qe5 39. Qxa6 Rh8 40. Qf1 Rh4 41. Qg2 Re4 42. a4 f5 43. a5 Qxa5 0-1

[Event "CZE-chT2 9798"]
[Site "CZE"]
[Date "1998.??.??"]
[Round "7.2"]
[White "Varejcko, Josef"]
[Black "Polasek, Jaroslav"]
[Result "1-0"]
[WhiteElo "2320"]
[BlackElo "2275"]
[PlyCount "103"]
[EventDate "1997.??.??"]
[Source "www.chesslib.no"]
[SourceDate "2004.05.04"]

1. d4 f5 2. h3 d5 3. Bf4 Nf6 4. e3 e6 5. c3 Bd6 6. Nd2 O-O 7. Bd3 Ne4 8. Ngf3 Nd7 9. Bxd6 cxd6 10. g4 g6 11. gxf5 gxf5 12. Rg1+ Kh8 13. Qe2 Ndf6 14. O-O-O Bd7 15. Ng5 Nxg5 16. Rxg5 Ne4 17. Rgg1 Qh4 18. Bxe4 fxe4 19. f3 Be8 20. Qh2 exf3 21. Qxd6 Qf6 22. Nxf3 Bh5 23. Rdf1 Rad8 24. Qg3 Bg6 25. Qe5 Kg7 26. Kd2 Qxe5 27. Nxe5 Rxf1 28. Rxf1 Bf5 29. Rg1+ Kf6 30. h4 Rc8 31. b3 b6 32. c4 Rd8 33. Kc3 Rc8 34. Kb4 dxc4 35. bxc4 Bg6 36. Rg5 Be4 37. a4 Bb7 38. Rg4 Rc7 39. Rf4+ Kg7 40. Rg4+ Kf6 41. a5 bxa5+ 42. Kxa5 Bh1 43. Rf4+ Kg7 44. c5 Rb7 45. c6 Rb3 46. Rf7+ Kh6 47. Rxa7 Bd5 48. c7 Rc3 49. Nf7+ Kh5 50. Nd6 Ra3+ 51. Kb6 Rb3+ 52. Nb5 1-0

[Event "Tchigorine (memorial)"]
[Site "?"]
[Date "2004.10.20"]
[Round "5.61"]
[White "Pliasunov Aleksej"]
[Black "Pogosian Vladimir"]
[Result "1-0"]
[WhiteElo "2390"]
[BlackElo "2203"]
[PlyCount "105"]
[EventDate "2004.??.??"]
[Source "www.chesslib.no"]
[SourceDate "2004.05.04"]

1. d4 f5 2. h3 b6 3. g4 Bb7 4. d5 e6 5. c4 exd5 6. cxd5 Bb4+ 7. Nc3 Nf6 8. Bg2 Ne4 9. Qd4 Bxc3+ 10. bxc3 Qf6 11. gxf5 Nxc3 12. Qe3+ Kf7 13. Bb2 Nd1 14. Qe6+ dxe6 15. fxe6+ Kg6 16. Be4+ Kg5 17. Bxf6+ gxf6 18. Rxd1 f5 19. Bf3 Na6 20. h4+ Kf6 21. Nh3 Nb4 22. Ng5 Nxa2 23. Nf7 Rhg8 24. Rd4 Nc3 25. Rh3 Ne4 26. Bxe4 fxe4 27. Rc3 Rac8 28. Ng5 h6 29. Nxe4+ Ke5 30. Rcd3 Ba6 31. f4+ Kxf4 32. Nc5+ Ke5 33. Re4+ Kd6 34. Nxa6 Rg1+ 35. Kd2 Ra1 36. Nb4 Ra4 37. e7 Kd7 38. Rdd4 Re8 39. Nc6 Ra2+ 40. Ke1 a5 41. Rf4 b5 42. Rf8 Rxe7 43. Nxe7 Kxe7 44. Rb8 b4 45. Ra8 Ra3 46. Ra6 Ra1+ 47. Rd1 Ra2 48. Rb1 Ra3 49. Kd2 b3 50. Kc3 a4 51. Kb4 Ra2 52. Rxa4 Rxe2 53. Rxb3 1-0

[Event "Veszprem Open"]
[Site "Veszprem op"]
[Date "1995.??.??"]
[Round "?"]
[White "Dobos, Jozsef"]
[Black "Karacsony, Attila"]
[Result "1/2-1/2"]
[WhiteElo "2325"]
[BlackElo "2255"]
[PlyCount "68"]
[EventDate "1995.??.??"]
[Source "www.chesslib.no"]
[SourceDate "2004.05.04"]

1. d4 f5 2. h3 d5 3. Bf4 Nf6 4. e3 e6 5. Nf3 Bd6 6. Ne5 O-O 7. Bd3 c5 8. c3 Nc6 9. Nxc6 bxc6 10. Bxd6 Qxd6 11. f4 cxd4 12. cxd4 c5 13. Qa4 Rb8 14. Qa3 Rb4 15. Nc3 Qb8 16. dxc5 d4 17. exd4 Rxd4 18. Ne2 Rb4 19. O-O Nd5 20. b3 Nxf4 21. Nxf4 Rxf4 22. Rfe1 Rf3 23. Bf1 Rg3 24. Qb2 f4 25. Qe5 Qa8 26. Rad1 h6 27. Rd6 Rg5 28. Qe4 f3 29. Re3 Qxe4 30. Rxe4 fxg2 31. Bxg2 Rxc5 32. Rc4 Re5 33. Rd2 Re1+ 34. Kh2 e5 1/2-1/2

[Event "Clichy"]
[Site "Clichy"]
[Date "1993.??.??"]
[Round "11"]
[White "Vandevoort, Pascal"]
[Black "Coupet, Pascal"]
[Result "1-0"]
[WhiteElo "2310"]
[BlackElo "2270"]
[PlyCount "67"]
[EventDate "1993.??.??"]
[Source "www.chesslib.no"]
[SourceDate "2004.05.04"]

1. d4 f5 2. h3 d6 3. g4 Nc6 4. d5 Ne5 5. gxf5 Bxf5 6. Nc3 Nf6 7. Bg2 c5 8. e4 Bd7 9. f4 Ng6 10. Qe2 Qc7 11. Bd2 O-O-O 12. O-O-O Re8 13. Qf2 b5 14. e5 dxe5 15. fxe5 Nxe5 16. Bf4 Nh5 17. Bh2 g6 18. Nxb5 Bxb5 19. Bxe5 Qxe5 20. Qxc5+ Kd8 21. Qxb5 Qg5+ 22. Kb1 Qxg2 23. Qb8+ Kd7 24. Qxa7+ Kd8 25. Qb8+ Kd7 26. Qb7+ Kd8 27. Qb6+ Kd7 28. Qe6+ Kd8 29. Ne2 Bg7 30. Rhg1 Qf2 31. d6 Qf6 32. dxe7+ Kc7 33. Rd7+ Kb8 34. Qb3+ 1-0

[Event "Caorle"]
[Site "?"]
[Date "1982.??.??"]
[Round "?"]
[White "Samovojska, Damir"]
[Black "Pavlovic, Slobodan"]
[Result "1/2-1/2"]
[WhiteElo "2260"]
[BlackElo "2315"]
[PlyCount "43"]
[EventDate "1982.??.??"]
[Source "www.chesslib.no"]
[SourceDate "2004.05.04"]

1. d4 f5 2. h3 d5 3. c4 c6 4. Nf3 Nf6 5. Nc3 dxc4 6. a4 Be6 7. e3 Qa5 8. Bd2 Nbd7 9. Qc2 g6 10. Ng5 Bg8 11. Na2 Qd5 12. Nb4 Qd6 13. Bxc4 Bh6 14. Nf3 Ne4 15. Bxg8 Nxd2 16. Nxd2 Qxb4 17. Be6 f4 18. Qc4 Qxc4 19. Nxc4 fxe3 20. Nxe3 Rf8 21. Ke2 Bxe3 22. Bxd7+ 1/2-1/2

[Event "Goodricke 10th op"]
[Site "Calcutta"]
[Date "1999.02.14"]
[Round "9"]
[White "Abdulla, Al Rakib"]
[Black "Mohota, Nisha"]
[Result "1-0"]
[WhiteElo "2405"]
[BlackElo "2155"]
[PlyCount "55"]
[EventDate "1999.02.06"]
[Source "ChessBase"]
[SourceDate "1999.05.10"]

1. d4 f5 2. h3 d6 3. Nc3 e5 4. dxe5 dxe5 5. Qxd8+ Kxd8 6. Bg5+ Be7 7. O-O-O+ Bd7 8. Nf3 Nc6 9. g4 h6 10. Bxe7+ Ngxe7 11. gxf5 Nxf5 12. h4 Nd6 13. Rg1 Rg8 14. Rd5 Be6 15. Rc5 Nf7 16. e3 a6 17. Bd3 Nb4 18. Be4 Nd6 19. Rxe5 Bd7 20. a3 Nc6 21. Bxc6 Bxc6 22. Nd4 Kd7 23. Nxc6 Kxc6 24. Nd5 Nc8 25. Rg6+ Kd7 26. Re4 Kd8 27. Reg4 c6 28. Nf4 1-0

[Event "Winter Open"]
[Site "Belgrade SRB"]
[Date "2008.01.26"]
[Round "5"]
[White "Prelevic, D."]
[Black "Jovanovic, Alek SRB"]
[Result "0-1"]
[WhiteElo "2354"]
[BlackElo "2201"]
[PlyCount "63"]
[EventDate "2008.01.22"]
[Source "www.chesslib.no"]
[SourceDate "2004.05.04"]

1. d4 f5 2. h3 e6 3. c4 Nf6 4. Nc3 Bb4 5. g4 O-O 6. Bg2 Nc6 7. Nf3 d5 8. Qd3 Ne4 9. gxf5 exf5 10. cxd5 Qxd5 11. a3 Bxc3+ 12. bxc3 Qa5 13. Bb2 Nd6 14. d5 Ne7 15. Nd2 Rf6 16. c4 Rf7 17. Bc3 Qa4 18. c5 Ne4 19. Nxe4 fxe4 20. Qxe4 Qa6 21. d6 cxd6 22. cxd6 Qxd6 23. Rd1 Qb6 24. Qd4 Qg6 25. Be4 Bf5 26. Bxb7 Nc6 27. Bxc6 Qxc6 28. Rg1 Bg6 29. h4 Re8 30. h5 Qb5 31. Rd2 Qxh5 32. f3 0-1

[Event "Oberliga Nord O 0102"]
[Site "?"]
[Date "2001.10.07"]
[Round "1.3"]
[White "Lueders Gerhard"]
[Black "Schmidt Schaeffer Sebastian"]
[Result "0-1"]
[WhiteElo "2225"]
[BlackElo "2320"]
[PlyCount "56"]
[EventDate "2001.??.??"]
[Source "www.chesslib.no"]
[SourceDate "2004.05.04"]

1. d4 f5 2. h3 d5 3. g4 fxg4 4. hxg4 Bxg4 5. Qd3 Qd7 6. Rxh7 Rxh7 7. Qxh7 Nf6 8. Qg6+ Kd8 9. Qd3 Nc6 10. c3 e5 11. dxe5 Nxe5 12. Qg3 Bd6 13. Qh4 c6 14. Bg5 Kc7 15. Bxf6 gxf6 16. Nd2 Qg7 17. Qh1 Rh8 18. Qg2 Rh2 19. Qg3 Nf3+ 20. Qxf3 Bxf3 21. Ngxf3 Rh1 22. O-O-O Bc5 23. e3 Qg4 24. b3 a5 25. a4 f5 26. Ne5 Qg7 27. Nd3 Qxc3+ 28. Kb1 Ba3 0-1

[Event "BL2-S9899"]
[Site "Germany"]
[Date "1999.03.07"]
[Round "7.8"]
[White "Buhmann, Rainer"]
[Black "Bauer, Eckart"]
[Result "1/2-1/2"]
[WhiteElo "2301"]
[BlackElo "2230"]
[PlyCount "74"]
[EventDate "1998.10.??"]
[Source "www.chesslib.no"]
[SourceDate "2004.05.04"]

1. d4 f5 2. h3 d5 3. Nf3 Nf6 4. Bf4 e6 5. e3 Bd6 6. Ne5 O-O 7. g4 Ne4 8. Nd2 Bxe5 9. Bxe5 Nd7 10. Bf4 c6 11. Nxe4 fxe4 12. Bd6 Rf7 13. Qd2 Qf6 14. Bg3 e5 15. O-O-O b5 16. Be2 exd4 17. exd4 Nb6 18. Rhf1 Nc4 19. Bxc4 bxc4 20. f4 exf3 21. Rde1 Bd7 22. Re3 Qh6 23. Rexf3 Rxf3 24. Rxf3 Qxd2+ 25. Kxd2 Rf8 26. Rxf8+ Kxf8 27. Kc3 h5 28. gxh5 Bxh3 29. Kb4 Ke7 30. Be5 Bg4 31. Bxg7 Bxh5 32. Ka5 c3 33. b3 Bg6 34. Kb4 Bxc2 35. Kxc3 Bd1 36. Kb4 Kd7 37. Be5 Kc8 1/2-1/2

[Event "AUS Ch"]
[Site "Gosford"]
[Date "1987.12.31"]
[Round "4.5"]
[White "Hamilton, Douglas G"]
[Black "Barber, Haydn J"]
[Result "1-0"]
[WhiteElo "2208"]
[BlackElo "2321"]
[PlyCount "25"]
[EventDate "1987.??.??"]
[Source "www.chesslib.no"]
[SourceDate "2004.05.04"]

1. d4 f5 2. h3 d5 3. c4 c6 4. Nf3 Nf6 5. Nc3 e6 6. g4 fxg4 7. hxg4 Bd6 8. Qc2 Bb4 9. Ne5 dxc4 10. Rxh7 O-O 11. Rxg7+ Kxg7 12. Qg6+ Kh8 13. Bh6 1-0

[Event "CZE-chT2a 0001"]
[Site "?"]
[Date "2001.??.??"]
[Round "10"]
[White "Hlavacek Robert"]
[Black "Krouzel Jaroslav"]
[Result "1/2-1/2"]
[WhiteElo "2235"]
[BlackElo "2290"]
[PlyCount "34"]
[EventDate "2001.??.??"]
[Source "www.chesslib.no"]
[SourceDate "2004.05.04"]

1. d4 f5 2. h3 d5 3. Bf4 Nf6 4. e3 e6 5. Nf3 c5 6. c3 Qb6 7. Qb3 c4 8. Qxb6 axb6 9. Nbd2 b5 10. Bxb8 Rxb8 11. a3 Ra8 12. Rc1 Bd6 13. Ne5 g5 14. Be2 Ke7 15. f4 Rg8 16. g4 h6 17. Bf3 Bd7 1/2-1/2

[Event "IDS op-29 A"]
[Site "Dortmund"]
[Date "2001.07.16"]
[Round "5"]
[White "Send, Sebastian"]
[Black "Rigo, Janos"]
[Result "0-1"]
[WhiteElo "2165"]
[BlackElo "2345"]
[PlyCount "120"]
[EventDate "2001.07.12"]
[Source "www.chesslib.no"]
[SourceDate "2004.05.04"]

1. d4 f5 2. h3 d5 3. Nf3 g6 4. Bf4 Bg7 5. e3 Nf6 6. c4 O-O 7. Nc3 e6 8. Rc1 c6 9. Be2 h6 10. b4 a6 11. a4 dxc4 12. Bxc4 Nd5 13. Nxd5 exd5 14. Bd3 Qe7 15. Qb3 Nd7 16. h4 Nf6 17. Ne5 Nh5 18. Nxg6 Qe8 19. Ne5 Rf6 20. g3 Bf8 21. Rg1 Qe7 22. Rb1 a5 23. b5 Qe8 24. Be2 Nxf4 25. gxf4+ Kh7 26. Qd1 Bb4+ 27. Kf1 cxb5 28. Bxb5 Qf8 29. Qh5 Be6 30. Rc1 Bd6 31. Rg3 Rd8 32. Kg2 Rc8 33. Rg1 Bxe5 34. fxe5 f4 35. exf6 fxg3 36. Bd3+ Kh8 37. Qg6 Rc7 38. fxg3 Bg8 39. Bb5 Rf7 40. Rf1 Bh7 41. Qh5 Be4+ 42. Kg1 Kh7 43. Qe5 Qa3 44. Qf4 Qb2 45. Qf2 Qc3 46. Be8 Rf8 47. Bd7 Bg6 48. Qf3 Qc7 49. Be6 Rxf6 50. h5 Rxf3 51. hxg6+ Kxg6 52. Rxf3 Qc1+ 53. Kg2 Qc2+ 54. Kg1 Qc6 55. Bf7+ Kg5 56. Rf4 Qxa4 57. Bxd5 Qc2 58. Be4 Qb2 59. d5 b5 60. d6 Qd2 0-1

[Event "Midwest Masters-B"]
[Site "Chicago"]
[Date "1984.??.??"]
[Round "5"]
[White "Moore, T."]
[Black "Frumkin, Edward"]
[Result "0-1"]
[WhiteElo "2345"]
[BlackElo "2160"]
[PlyCount "94"]
[EventDate "1984.??.??"]
[Source "www.chesslib.no"]
[SourceDate "2004.05.04"]

1. d4 f5 2. h3 d6 3. g4 fxg4 4. e4 e5 5. d5 Qh4 6. Ne2 Nf6 7. Nbc3 Be7 8. Ng3 gxh3 9. Be3 Ng4 10. Qd2 Nxe3 11. Qxe3 O-O 12. Nf5 Bxf5 13. exf5 Bg5 14. Qxh3 Qxh3 15. Bxh3 a6 16. f6 Bxf6 17. Ke2 g6 18. Ne4 Be7 19. Be6+ Kg7 20. Rag1 a5 21. Rh3 Na6 22. Ng3 c6 23. c4 Nc7 24. Nf5+ Rxf5 25. Bxf5 cxd5 26. Rb3 Rb8 27. cxd5 Nxd5 28. Be4 Nf4+ 29. Kf1 d5 30. Bf5 b5 31. Rc3 Kf6 32. Bd7 Bb4 33. Rc6+ Ke7 34. Bg4 h5 35. Be2 Bd6 36. Bxh5 gxh5 37. Rg7+ Kf8 38. Rh7 Kg8 39. Ra7 Bf8 40. Rxa5 b4 41. Ra7 h4 42. Kg1 d4 43. Rcc7 d3 44. Rd7 Rc8 45. Rac7 Rxc7 46. Rxc7 d2 47. Rd7 Ne2+ 0-1

[Event "Sala Open"]
[Site "Salamanca ESP"]
[Date "1994.??.??"]
[Round "3"]
[White "David, Rene"]
[Black "Ruckschloss, Karol"]
[Result "0-1"]
[WhiteElo "2180"]
[BlackElo "2320"]
[PlyCount "114"]
[EventDate "1994.??.??"]
[Source "www.chesslib.no"]
[SourceDate "2004.05.04"]

1. d4 f5 2. h3 Nf6 3. g4 d5 4. g5 Ne4 5. Nf3 e6 6. Bf4 c5 7. e3 Qb6 8. Qc1 Nc6 9. c3 Be7 10. Bd3 Bd7 11. Ke2 Rc8 12. Rh2 Bd6 13. Bxd6 Nxd6 14. Nbd2 Ne4 15. Rg2 O-O 16. Kf1 Be8 17. Kg1 Qc7 18. Qd1 e5 19. c4 Bh5 20. Be2 cxd4 21. Nxd4 Bxe2 22. Nxe2 Nxd2 23. Qxd2 dxc4 24. Rc1 Rcd8 25. Qc2 f4 26. Qxc4+ Qf7 27. exf4 exf4 28. Rg4 Qxc4 29. Rxc4 Rd1+ 30. Kh2 Ne5 31. Re4 Nxg4+ 32. hxg4 Rd2 33. Nxf4 Rxf2+ 34. Kg3 Rxb2 35. Re7 Rxa2 36. Ne6 Rb2 37. Rxg7+ Kh8 38. Re7 Rg8 39. Nf4 Rxg5 40. Nh5 Rxh5 41. gxh5 h6 42. Kf4 Rb5 43. Kg4 a5 44. Rd7 a4 45. Rd8+ Kg7 46. Rd7+ Kg8 47. Rd8+ Kf7 48. Rd7+ Ke8 49. Rd6 Rg5+ 50. Kh4 a3 51. Rxh6 Ra5 52. Re6+ Kf7 53. Re1 a2 54. Ra1 b5 55. Kg5 b4+ 56. Kh6 b3 57. Rb1 axb1=R 0-1

[Event "Paris Ch"]
[Site "Paris FRA"]
[Date "1993.??.??"]
[Round "8"]
[White "Bouverot, Oliveir"]
[Black "Stranjakovitch, Jean"]
[Result "1-0"]
[WhiteElo "2220"]
[BlackElo "2280"]
[PlyCount "71"]
[EventDate "1993.04.??"]
[Source "www.chesslib.no"]
[SourceDate "2004.05.04"]

1. d4 f5 2. h3 d5 3. Nf3 Nf6 4. Bf4 e6 5. Nbd2 Be7 6. e3 Nbd7 7. Ne5 Nxe5 8. Bxe5 O-O 9. Be2 c5 10. c3 Qb6 11. Qb3 Qa5 12. O-O Bd7 13. Qxb7 Qd8 14. Qc7 Qe8 15. Ba6 c4 16. b3 Bd8 17. Qc5 cxb3 18. axb3 Bb6 19. Qb4 Qh5 20. Bb7 Rab8 21. Bxb8 Rxb8 22. Ba6 Re8 23. Qd6 e5 24. Bb7 f4 25. Bxd5+ Kh8 26. Bf3 Qg5 27. Ne4 Nxe4 28. Qxd7 Nf6 29. exf4 Qg6 30. Qc6 exd4 31. cxd4 Bxd4 32. Rae1 Rd8 33. Rd1 h5 34. Qc4 Bb6 35. Rxd8+ Bxd8 36. Qc8 1-0

[Event "Tancat A"]
[Site "Castelldefels"]
[Date "2001.??.??"]
[Round "4"]
[White "Serrano Pertinez, Miguel"]
[Black "Gallego Romero, A."]
[Result "1-0"]
[WhiteElo "2290"]
[BlackElo "2200"]
[PlyCount "101"]
[EventDate "2001.05.??"]
[Source "www.chesslib.no"]
[SourceDate "2004.05.04"]

1. d4 f5 2. h3 d6 3. g4 fxg4 4. hxg4 Bxg4 5. Qd3 Nf6 6. Bg5 Nbd7 7. Rxh7 Ne5 8. dxe5 Nxh7 9. Qg6+ Kd7 10. Bh4 Be6 11. f4 Qe8 12. Qd3 Qf7 13. Nh3 c6 14. Nd2 Kc7 15. Qd4 Qh5 16. Nf3 Bg4 17. Nhg1 d5 18. c4 e6 19. cxd5 exd5 20. O-O-O b6 21. Bh3 Bc5 22. Qc3 Bxh3 23. Nxh3 Qf5 24. Nd4 Bxd4 25. Rxd4 Nf6 26. Qg3 Nh5 27. Qa3 Rhe8 28. Be7 Kb7 29. Bg5 Qe6 30. Qf3 g6 31. Nf2 Ng7 32. e4 Rad8 33. Bxd8 Rxd8 34. Qg4 Rh8 35. exd5 cxd5 36. Qf3 Qc6+ 37. Kb1 Nf5 38. Rxd5 Rc8 39. Rd7+ Rc7 40. Rxc7+ Kxc7 41. Qxc6+ Kxc6 42. Kc2 Kd5 43. Kd3 Nd4 44. Ne4 Nc6 45. Nc3+ Ke6 46. Ke4 Na5 47. Nb5 Nc4 48. b3 Nd2+ 49. Ke3 Nb1 50. Kd3 a6 51. Kc2 1-0

[Event "Oberliga Ost-A 9495"]
[Site "GER"]
[Date "1995.??.??"]
[Round "?"]
[White "Hackel, Mario"]
[Black "Schikor, Torsten"]
[Result "1-0"]
[WhiteElo "2340"]
[BlackElo "2145"]
[PlyCount "67"]
[EventDate "1994.10.??"]
[Source "www.chesslib.no"]
[SourceDate "2004.05.04"]

1. d4 f5 2. h3 g6 3. g4 d6 4. Nc3 Bg7 5. gxf5 Bxf5 6. e4 Bd7 7. Nf3 Nc6 8. Bg5 Qc8 9. Qd2 Nd8 10. O-O-O Nf7 11. Be3 a6 12. Bc4 e6 13. Bb3 b5 14. a3 a5 15. Ne2 Nf6 16. Ng3 Qb7 17. Qd3 O-O 18. Ng5 Nxg5 19. Bxg5 a4 20. Ba2 b4 21. Rhe1 Rfb8 22. e5 Nd5 23. Ne4 bxa3 24. Qxa3 h6 25. Bxd5 exd5 26. Nf6+ Bxf6 27. Bxf6 Rf8 28. Rg1 Bf5 29. Rd3 Qc6 30. Qc3 Qd7 31. Rdg3 Kh7 32. Qe3 Ra6 33. Rg4 a3 34. Qxh6+ 1-0

[Event "Dresden ZMD op"]
[Site "?"]
[Date "2003.07.28"]
[Round "4"]
[White "Sechting Martin"]
[Black "Mainka Romuald"]
[Result "0-1"]
[WhiteElo "2031"]
[BlackElo "2454"]
[PlyCount "50"]
[EventDate "2003.??.??"]
[Source "www.chesslib.no"]
[SourceDate "2004.05.04"]

1. d4 f5 2. h3 Nf6 3. g4 d5 4. g5 Ne4 5. Nf3 e6 6. Bf4 c5 7. e3 Nc6 8. Nbd2 Bd6 9. Bb5 Bxf4 10. exf4 cxd4 11. Ne5 O-O 12. Bxc6 bxc6 13. Nxc6 Qd6 14. Ne5 Ba6 15. a3 Qb6 16. Nd7 Qxb2 17. Rb1 Qc3 18. Nxf8 Rxf8 19. Rb3 Qa5 20. Rb4 Qxa3 21. Rxd4 Nc3 22. Nb1 Nxb1 23. Qxb1 Qf3 24. Kd2 Qxf2+ 25. Kc3 Rc8+ 0-1

[Event "HUN-chT3"]
[Site "HUN"]
[Date "1991.??.??"]
[Round "?"]
[White "Dede, Erno"]
[Black "Horvath, Ivan"]
[Result "1-0"]
[WhiteElo "2215"]
[BlackElo "2265"]
[PlyCount "83"]
[EventDate "1991.??.??"]
[Source "www.chesslib.no"]
[SourceDate "2004.05.04"]

1. d4 f5 2. h3 Nf6 3. g4 d5 4. Qd3 e6 5. Bg2 c6 6. g5 Ne4 7. Bxe4 fxe4 8. Qg3 Be7 9. g6 O-O 10. gxh7+ Kxh7 11. h4 Bf6 12. Bg5 Qa5+ 13. c3 Qb6 14. Bxf6 Rxf6 15. b3 Nd7 16. Nh3 Nf8 17. h5 Qd8 18. Ng5+ Kg8 19. h6 Rg6 20. hxg7 Rxg7 21. Rh5 Qf6 22. Qh4 Ng6 23. Qh2 Bd7 24. Nd2 Rf8 25. Nh7 Qf4 26. Nxf8 Kxf8 27. e3 Qg4 28. Rh3 e5 29. Rg3 Qf5 30. O-O-O exd4 31. cxd4 c5 32. Rdg1 cxd4 33. exd4 Be8 34. Rg5 Qf6 35. Rxd5 e3 36. fxe3 Kg8 37. Rd6 Qe7 38. e4 Qc7+ 39. Kb2 b5 40. e5 b4 41. Ne4 Bf7 42. Rc1 1-0

[Event "Bois-Colombes"]
[Site "?"]
[Date "2003.12.23"]
[Round "2"]
[White "Grimberg Gilbert"]
[Black "Frih Ameur"]
[Result "1-0"]
[WhiteElo "2312"]
[BlackElo "2166"]
[PlyCount "63"]
[EventDate "2003.??.??"]
[Source "www.chesslib.no"]
[SourceDate "2004.05.04"]

1. d4 f5 2. h3 b6 3. g4 Bb7 4. d5 Nf6 5. c4 e6 6. Bg2 Bb4+ 7. Bd2 Bc5 8. Nc3 fxg4 9. hxg4 Nxg4 10. e3 Nf6 11. Qf3 Qe7 12. Qh3 exd5 13. cxd5 Bd6 14. O-O-O Na6 15. f4 O-O-O 16. e4 Bb4 17. e5 Ne8 18. Kb1 Kb8 19. Nf3 Bxc3 20. Bxc3 h6 21. Nh4 Qf7 22. f5 Rf8 23. Rhf1 Qh5 24. Bf3 Qf7 25. e6 dxe6 26. dxe6 Rxd1+ 27. Rxd1 Qe7 28. Ng6 Qc5 29. Nxf8 Qxf8 30. Rd8+ Bc8 31. Qh5 Qc5 32. Rxc8+ 1-0

[Event "3rd Arctic Cup"]
[Site "Salekhard RUS"]
[Date "2007.10.15"]
[Round "8"]
[White "Chenchik, A."]
[Black "Potapov, P."]
[Result "1/2-1/2"]
[WhiteElo "2097"]
[BlackElo "2379"]
[PlyCount "47"]
[EventDate "2007.10.08"]
[Source "www.chesslib.no"]
[SourceDate "2004.05.04"]

1. d4 f5 2. h3 d5 3. g4 Nf6 4. Nc3 fxg4 5. Bg2 c6 6. Qd3 Na6 7. a3 Be6 8. hxg4 Bxg4 9. f3 Be6 10. e4 g6 11. Nge2 Nc7 12. Nf4 Bf7 13. e5 Nd7 14. e6 Nxe6 15. Nxe6 Bxe6 16. Bh3 Bxh3 17. Rxh3 Qc7 18. Ne2 e5 19. Bg5 Qd6 20. dxe5 Qe6 21. f4 Be7 22. Nd4 Qg4 23. Rg3 Qh5 24. Rh3 1/2-1/2

[Event "15.DSenEM2003"]
[Site "?"]
[Date "2003.05.17"]
[Round "8.7"]
[White "Goy Udo"]
[Black "Krieger Hermann"]
[Result "1/2-1/2"]
[WhiteElo "2205"]
[BlackElo "2261"]
[PlyCount "88"]
[EventDate "2003.??.??"]
[Source "www.chesslib.no"]
[SourceDate "2004.05.04"]

1. d4 f5 2. h3 Nf6 3. g4 d5 4. Nc3 fxg4 5. hxg4 Bxg4 6. Qd3 e6 7. Bh3 Bxh3 8. Nxh3 Nc6 9. Bf4 Qd7 10. O-O-O O-O-O 11. e3 Bd6 12. Qb5 h6 13. Bxd6 cxd6 14. f4 Ne7 15. Qb3 Kb8 16. Nf2 Rc8 17. Rhg1 Nf5 18. e4 dxe4 19. Nfxe4 Nxe4 20. Nxe4 Rhe8 21. Kb1 Qc6 22. Qd3 Re7 23. c3 Qd5 24. Qe2 Qc6 25. Nf2 Qb6 26. Rc1 Qc6 27. Rce1 a5 28. a3 Qd5 29. Rg6 Rce8 30. Rgg1 Nh4 31. Ne4 Nf5 32. Nd2 e5 33. fxe5 dxe5 34. dxe5 Rxe5 35. Qh2 Ka8 36. Rxe5 Rxe5 37. Ka1 Re7 38. Qf4 g5 39. Qf2 Qd3 40. Qc5 Rd7 41. Nc4 Rd8 42. Qxa5+ Kb8 43. Qe5+ Ka7 44. Qc5+ Kb8 1/2-1/2

[Event "FRA-chT 9900"]
[Site "?"]
[Date "2000.04.29"]
[Round "8.7"]
[White "Mensch Etienne"]
[Black "Courrier Arnaud"]
[Result "1-0"]
[WhiteElo "2306"]
[BlackElo "2156"]
[PlyCount "27"]
[EventDate "2000.??.??"]
[Source "www.chesslib.no"]
[SourceDate "2004.05.04"]

1. d4 f5 2. h3 d6 3. g4 c6 4. Qd3 Nf6 5. Nc3 Na6 6. a3 fxg4 7. hxg4 Bxg4 8. Bg5 Qa5 9. Bxf6 gxf6 10. O-O-O O-O-O 11. Rxh7 Bh6+ 12. Kb1 Bf5 13. Bh3 Rxh7 14. Qxf5+ 1-0

[Event "TCh-ESP Div"]
[Site "?"]
[Date "2001.??.??"]
[Round "?"]
[White "Molina Mansilla, R."]
[Black "Galiana, J."]
[Result "0-1"]
[WhiteElo "2225"]
[BlackElo "2235"]
[PlyCount "56"]
[EventDate "2001.??.??"]
[Source "www.chesslib.no"]
[SourceDate "2004.05.04"]

1. d4 f5 2. h3 d5 3. g4 fxg4 4. hxg4 Bxg4 5. Nh3 Qd6 6. Nf4 Nc6 7. Nc3 Nf6 8. Bg2 O-O-O 9. Ng6 Rg8 10. Bf4 Qb4 11. Nxf8 Rgxf8 12. f3 Bf5 13. e3 Qxb2 14. Na4 Qxc2 15. Qxc2 Bxc2 16. Bh3+ Nd7 17. Nc5 Bf5 18. Bxf5 Rxf5 19. Ne6 Rg8 20. Rxh7 Rf6 21. Nxc7 Rxf4 22. exf4 Kxc7 23. Rd1 g6 24. Ke2 Nf8 25. Rh6 Ne6 26. Ke3 Ng7 27. Rh7 Nf5+ 28. Kf2 Nfxd4 0-1